|
|
|
|
| LEADER |
00000cam a2200000 c 4500 |
| 001 |
1616033649 |
| 003 |
DE-627 |
| 005 |
20220606102539.0 |
| 007 |
tu |
| 008 |
120321s2012 xx ||||| 00| ||eng c |
| 016 |
7 |
|
|a 685160858
|2 DE-101
|
| 020 |
|
|
|a 9780761857563
|9 978-0-7618-5756-3
|
| 035 |
|
|
|a (DE-627)1616033649
|
| 035 |
|
|
|a (DE-576)362285764
|
| 035 |
|
|
|a (DE-599)BVBBV039866866
|
| 040 |
|
|
|a DE-627
|b ger
|c DE-627
|e rakwb
|
| 041 |
|
|
|a eng
|
| 100 |
1 |
|
|a Falk, Gerhard
|d 1924-
|0 (DE-588)13238843X
|0 (DE-627)521953421
|0 (DE-576)187065233
|4 aut
|
| 109 |
|
|
|a Falk, Gerhard 1924-
|
| 245 |
1 |
0 |
|a Assassination, anarchy, and terrorism
|b a sociological analysis
|c Gerhard Falk
|
| 264 |
|
1 |
|a Lanham [u.a.]
|b Univ. Press of America
|c 2012
|
| 300 |
|
|
|a XIII, 210 S.
|
| 336 |
|
|
|a Text
|b txt
|2 rdacontent
|
| 337 |
|
|
|a ohne Hilfsmittel zu benutzen
|b n
|2 rdamedia
|
| 338 |
|
|
|a Band
|b nc
|2 rdacarrier
|
| 776 |
1 |
|
|z 9780761857570
|
| 856 |
4 |
2 |
|u https://swbplus.bsz-bw.de/bsz362285764inh.htm
|m B:DE-576;DE-Frei85
|q application/pdf
|v 20120525113645
|x Verlag
|3 Inhaltsverzeichnis
|7 1
|
| 935 |
|
|
|a mkri
|
| 951 |
|
|
|a BO
|
| ELC |
|
|
|b 1
|
| LOK |
|
|
|0 000 xxxxxcx a22 zn 4500
|
| LOK |
|
|
|0 001 3196921859
|
| LOK |
|
|
|0 003 DE-627
|
| LOK |
|
|
|0 004 1616033649
|
| LOK |
|
|
|0 005 20120523120606
|
| LOK |
|
|
|0 008 120321||||||||||||||||ger|||||||
|
| LOK |
|
|
|0 040
|a DE-Frei85
|c DE-627
|d DE-Frei85
|
| LOK |
|
|
|0 852
|a DE-Frei85
|
| LOK |
|
|
|0 852 1
|m p
|9 00
|
| LOK |
|
|
|0 938
|k p
|
| LOK |
|
|
|0 939
|a 21-03-12
|b l01
|
| ORI |
|
|
|a SA-MARC-krimdoka001.raw
|